Path integrals and anomalies in curved space
Αποθηκεύτηκε σε:
| Κύριος συγγραφέας: | |
|---|---|
| Άλλοι συγγραφείς: | |
| Μορφή: | Βιβλίο |
| Γλώσσα: | English |
| Δημοσίευση: |
Cambridge ; New York :
Cambridge University Press,
2006
|
| Σειρά: | Cambridge monographs on mathematical physics
|
| Θέματα: | |
| Ετικέτες: |
Προσθήκη ετικέτας
Δεν υπάρχουν, Καταχωρήστε ετικέτα πρώτοι!
|
MARC
| LEADER | 00000nam a2200000 i 4500 | ||
|---|---|---|---|
| 001 | 1/84583 | ||
| 008 | 080512s2006 eng d | ||
| 020 | |a 0-521-84761-3 | ||
| 020 | |a 978-0-521-84761-2 | ||
| 035 | |l 10097216 | ||
| 040 | |a GR-MY-UA |b gre |e aacr | ||
| 041 | 0 | |a eng | |
| 082 | 0 | |a 530.143 |2 (22) | |
| 100 | 1 | |a Bastianelli, Lorenzo. | |
| 245 | 1 | 0 | |a Path integrals and anomalies in curved space / |c Fiorenzo Bastianelli, Peter Van Nieuwenhuizen |
| 260 | |a Cambridge ; New York : |b Cambridge University Press, |c 2006 | ||
| 300 | |a xvii, 379 σ.; |b εικ.; |c 26 εκ. | ||
| 490 | 1 | |a Cambridge monographs on mathematical physics | |
| 504 | |a Περιέχει βιβλιογραφικές παραπομπές και ευρετήριο | ||
| 650 | 0 | 0 | |a Path integrals. |
| 650 | 0 | 0 | |a Curves. |
| 700 | 1 | |a Van Nieuwenhuizen, Peter. | |
| 830 | 0 | |a Cambridge monographs on mathematical physics | |
| 852 | |a INST |b SAMOS |e 20080512 |h 530.143 BAS |p 005300030391 |q 005300030391 |t BK |y 0 | ||
| 901 | |a BIBL3-2008-2 | ||
| 909 | |a Σ |b 151636 | ||
| 922 | |a 3ΕΛΗ |b 200803 |c ΕΠΕΑΕΚ2/ΤΜΗΜΑ ΜΑΘΗΜΑΤΙΚΩΝ |d ΠΑΠΑΣΩΤΗΡΙΟΥ | ||
| 970 | |a ΡΟΥΣΣΟΥ |b ΚΩΝΣΤΑΝΤΙΝΑ |z 2008/05/12 | ||